000 00754nam a2200181Ia 4500
003 IN-BaIIA
008 211028s9999 xx 000 0 eng d
040 _cIIA Library
080 _a523.9(082.2)
_bIAU
111 _aSymposium on solar-terrestrial physics
_cRussia
_d1970 May 12-19
_96217
245 0 _asolar-terrestrial physics
_bproceedings of the International Symposium on Solar-Terrestrial Physics held in Leningrad, U.S.S.R. 12-19 May 1970
_cedited by E. R. Dyer
260 _aUSSR
_bThe Secretariat of the Inter-Union Commission on Solar
_c1970
650 _aAstronomy and astrophysics thesaurus
650 _aSolar terrestrial physics
_95220
700 _aDyer, E. R., ed.
_96218
710 _aInternational Astronomical Union
942 _cBK
999 _c3512
_d3512